|
|
|
|
| LEADER |
00000nas a2200000 i 4500 |
| 001 |
ssj0000605731 |
| 003 |
WaSeSS |
| 005 |
20200512172242.0 |
| 006 |
m d |
| 007 |
cr n |
| 008 |
101115c20119999nz uu p s 0 0eng c |
| 010 |
|
|
|a 2014247809
|
| 016 |
7 |
|
|a 101601556
|2 DNLM
|
| 022 |
|
|
|a 2230-2271
|l 2230-2271
|
| 035 |
|
|
|a (WaSeSS)ssj0000605731
|
| 040 |
|
|
|a NZ1
|b eng
|e pn
|c NZ1
|d PFM
|d OCLCO
|d TOH
|d CUS
|d FQM
|d UAT
|d OCLCQ
|d OCLCF
|d CUS
|d OCLCO
|d PFM
|d OCLCQ
|d OCLCO
|d NLM
|d OCLCO
|d OCLCQ
|d UAB
|d OCLCQ
|d OCLCO
|d OCLCA
|d VT2
|d OCLCA
|d WaSeSS
|
| 042 |
|
|
|a pcc
|
| 050 |
|
4 |
|a RC648.A1
|
| 060 |
|
4 |
|a INTERNET
|
| 060 |
0 |
0 |
|a W1
|
| 082 |
0 |
4 |
|a 616.4005
|2 22
|
| 210 |
1 |
0 |
|a Res Rep Endocr Disord
|2 dnlm
|
| 210 |
1 |
|
|a Res. rep. endocr. disord.
|
| 222 |
|
0 |
|a Research and reports in endocrine disorders
|
| 245 |
0 |
0 |
|a Research and reports in endocrine disorders
|h [electronic resource].
|
| 260 |
|
|
|a [Auckland, N.Z.] :
|b Dovepress,
|c [2011]-
|
| 362 |
1 |
|
|a Began with 2011:1.
|
| 506 |
|
|
|a License restrictions may limit access.
|
| 515 |
|
|
|a Articles added irregularly during the year and collected into annual volumes.
|
| 588 |
|
|
|a Description based on: 2011:1; title from PDF caption (publisher's Web site, viewed Jan. 3, 2012).
|
| 588 |
|
|
|a Latest issue consulted: 2016:6 (viewed Nov. 8, 2016).
|
| 650 |
|
0 |
|a Endocrinology
|v Periodicals.
|
| 650 |
|
0 |
|a Endocrine glands
|x Diseases
|v Periodicals.
|
| 650 |
1 |
2 |
|a Endocrine System Diseases.
|
| 650 |
2 |
2 |
|a Endocrine Surgical Procedures.
|
| 650 |
2 |
2 |
|a Diagnostic Techniques, Endocrine.
|
| 650 |
|
7 |
|a Endocrine glands
|x Diseases.
|2 fast
|0 (OCoLC)fst00909726
|
| 650 |
|
7 |
|a Endocrinology.
|2 fast
|0 (OCoLC)fst00909749
|
| 655 |
|
0 |
|a Electronic journals.
|
| 856 |
4 |
0 |
|z Full text available from Research Library: 01/01/2011 to 01/31/2016
|u https://search.proquest.com/publication/3933288
|